ბათუმის შოთა რუსთაველის სახელმწიფო უნივერსიტეტის ბიბლიოთეკა

Стереометрия (ბიბ.ჩანაწერი № 48093)

000 -LEADER
fixed length control field 00556nam a2200217Ia 4500
001 - CONTROL NUMBER
control field 14974
003 - CONTROL NUMBER IDENTIFIER
control field GE_BSU
008 - FIXED-LENGTH DATA ELEMENTS--GENERAL INFORMATION
fixed length control field 181216s||||||||xx |||||||||||||| ||und||
040 ## - CATALOGING SOURCE
Transcribing agency GE_BSU
080 ## - UNIVERSAL DECIMAL CLASSIFICATION NUMBER
Universal Decimal Classification number 514.113(072)
100 ## - MAIN ENTRY--PERSONAL NAME
Personal name Бескин,Л.Н.
245 ## - TITLE STATEMENT
Title Стереометрия
245 ## - TITLE STATEMENT
Remainder of title Пособие для учителей
245 ## - TITLE STATEMENT
Statement of responsibility, etc. Ред.М.Л.Смолянский
260 ## - PUBLICATION, DISTRIBUTION, ETC.
Place of publication, distribution, etc. Москва
260 ## - PUBLICATION, DISTRIBUTION, ETC.
Name of publisher, distributor, etc. Учпедгиз
260 ## - PUBLICATION, DISTRIBUTION, ETC.
Date of publication, distribution, etc. 1960
300 ## - PHYSICAL DESCRIPTION
Extent 239стр.22см.
653 ## - INDEX TERM--UNCONTROLLED
Uncontrolled term Стереометрия
942 ## - ADDED ENTRY ELEMENTS (KOHA)
Koha item type წიგნი
ეგზემპლარები
Withdrawn status Lost status Damaged status Not for loan Date acquired Barcode Date last seen Price effective from Koha item type
        2018-12-17 15907 2018-12-17 2018-12-17 წიგნი